[Event "chess.com SpeedChess Q1Sw"]
[Site "chess.com INT"]
[Date "2022.11.10"]
[Round "1"]
[White "Kovalev, Vladislav"]
[Black "Sihite, Chelsie Monica Ignesias"]
[Result "1-0"]
[WhiteTitle "GM"]
[BlackTitle "WIM"]
[WhiteElo "2623"]
[BlackElo "2266"]
[WhiteFideId "13504398"]
[BlackFideId "7101198"]
[EventDate "2022.11.10"]

1. e4 e5 2. Nf3 Nc6 3. d4 exd4 4. Bc4 Bc5 5. Ng5 Nh6 6. Nxf7 Nxf7 7. Bxf7+ Kxf7
8. Qh5+ g6 9. Qxc5 d5 10. O-O dxe4 11. c3 Qd6 12. cxd4 Nxd4 13. Qxd6 cxd6 14.
Nc3 Re8 15. Be3 Nc2 16. Rac1 Nb4 17. Nb5 Rd8 18. Nc7 Nc6 19. Nxa8 1-0

[Event "chess.com SpeedChess Q1Sw"]
[Site "chess.com INT"]
[Date "2022.11.10"]
[Round "1"]
[White "Coelho, Ramyres Santana"]
[Black "Vasquez Schroeder, Rodrigo"]
[Result "0-1"]
[WhiteTitle "WFM"]
[BlackTitle "GM"]
[WhiteElo "1981"]
[BlackElo "2515"]
[WhiteFideId "2120690"]
[BlackFideId "3400042"]
[EventDate "2022.11.10"]

1. e4 c6 2. d4 d5 3. Nc3 dxe4 4. Nxe4 Nd7 5. Qe2 Ndf6 6. Nxf6+ Nxf6 7. Be3 Bf5
8. O-O-O e6 9. f3 Qa5 10. Kb1 Nd5 11. Bd2 Qb6 12. b3 Qxd4 13. Be1 Nc3+ 14. Bxc3
Qxc3 15. Qd2 Qxd2 16. Rxd2 Bb4 17. Rd1 Rd8 18. Rxd8+ Kxd8 19. Bd3 Bxd3 20. cxd3
Ke7 21. Ne2 Rd8 22. Kc2 Rd5 23. d4 e5 24. dxe5 Rd2+ 25. Kc1 Rxe2 26. f4 Rxa2 0-1

[Event "chess.com SpeedChess Q1Sw"]
[Site "chess.com INT"]
[Date "2022.11.10"]
[Round "1"]
[White "Pranav, Anand"]
[Black "Lee, Addison"]
[Result "1-0"]
[WhiteTitle "IM"]
[WhiteElo "2502"]
[BlackElo "2079"]
[WhiteFideId "46626786"]
[BlackFideId "30924570"]
[EventDate "2022.11.10"]

1. d4 Nf6 2. c4 c5 3. d5 g6 4. Nc3 e6 5. e4 exd5 6. exd5 d6 7. Bd3 Bg7 8. h3 O-O
9. Nf3 a6 10. a4 Re8+ 11. Be3 Nbd7 12. O-O Ne5 13. Nxe5 Rxe5 14. Bf4 Re8 15. Qd2
Bd7 16. Bxd6 Rc8 17. Bf4 Qa5 18. Rfe1 Qb4 19. Qc2 Nh5 20. Bd2 Qb6 21. a5 Qf6 22.
Ne4 Qh4 23. Bg5 1-0

[Event "chess.com SpeedChess Q1Sw"]
[Site "chess.com INT"]
[Date "2022.11.10"]
[Round "1"]
[White "Alekseenko, Kirill"]
[Black "Miszler, Levente"]
[Result "1-0"]
[WhiteTitle "GM"]
[BlackTitle "CM"]
[WhiteElo "2687"]
[BlackElo "2276"]
[WhiteFideId "4135539"]
[BlackFideId "763276"]
[EventDate "2022.11.10"]

1. e4 e6 2. d3 d5 3. Nd2 Nf6 4. Ngf3 Be7 5. Be2 O-O 6. O-O c5 7. c3 Nc6 8. Re1
e5 9. exd5 Nxd5 10. Nc4 f6 11. a4 Re8 12. Nh4 Bf8 13. Bg4 g6 14. Bxc8 Qxc8 15.
Nf3 Qg4 16. h3 Qh5 17. Qb3 Nce7 18. Nd6 Red8 19. Ne4 Kg7 20. Ng3 1-0

[Event "chess.com SpeedChess Q1Sw"]
[Site "chess.com INT"]
[Date "2022.11.10"]
[Round "1"]
[White "Mamedyarov, Shakhriyar"]
[Black "Odegov, Artem"]
[Result "1-0"]
[WhiteTitle "GM"]
[BlackTitle "FM"]
[WhiteElo "2741"]
[BlackElo "2286"]
[WhiteFideId "13401319"]
[BlackFideId "34183644"]
[EventDate "2022.11.10"]

1. d4 Nf6 2. c4 e6 3. Nc3 d5 4. Nf3 c5 5. cxd5 exd5 6. Bg5 Be7 7. dxc5 Be6 8. e3
Nbd7 9. b4 O-O 10. a3 a5 11. Rb1 axb4 12. axb4 b6 13. c6 Nb8 14. Nd4 Qc7 15. b5
Ra3 16. Rb3 Qa7 17. Bd3 h6 18. Bxf6 Bxf6 19. O-O Rc8 20. Nce2 Bg4 21. Rxa3 Qxa3
22. Qb1 Be5 23. Bf5 Bxf5 24. Qxf5 Re8 25. Nf4 Bxf4 26. Qxf4 Qc3 27. Qd6 Rc8 28.
Qxd5 1-0

[Event "chess.com SpeedChess Q1Sw"]
[Site "chess.com INT"]
[Date "2022.11.10"]
[Round "1"]
[White "Firat, Burak"]
[Black "Kamsky, Gata"]
[Result "0-1"]
[WhiteTitle "GM"]
[BlackTitle "GM"]
[WhiteElo "2460"]
[BlackElo "2666"]
[WhiteFideId "6305881"]
[BlackFideId "2000024"]
[EventDate "2022.11.10"]

1. e4 e5 2. Nf3 Nc6 3. Bb5 a6 4. Ba4 Nf6 5. d3 d6 6. c3 Bd7 7. O-O g6 8. Re1 Bg7
9. h3 O-O 10. Nbd2 Qe8 11. Bc2 Nh5 12. d4 exd4 13. cxd4 Nxd4 14. Nxd4 Bxd4 15.
Nf3 Bg7 16. Be3 Qd8 17. Qd2 Re8 18. Bb3 Be6 19. Ba4 b5 20. Bb3 Bxb3 21. axb3
Rxe4 22. Bg5 Rxe1+ 23. Rxe1 Qf8 24. Be7 Qc8 25. g4 Nf6 26. Qg5 Nd7 27. Qh4 h6
28. Qg3 Qb7 29. g5 h5 30. Bf6 Nxf6 31. gxf6 Bxf6 32. Qf4 Kg7 0-1

[Event "chess.com SpeedChess Q1Sw"]
[Site "chess.com INT"]
[Date "2022.11.10"]
[Round "1"]
[White "Lewtak, Damian"]
[Black "Eljanov, Pavel"]
[Result "1-0"]
[WhiteTitle "IM"]
[BlackTitle "GM"]
[WhiteElo "2385"]
[BlackElo "2706"]
[WhiteFideId "1141724"]
[BlackFideId "14102951"]
[EventDate "2022.11.10"]

1. e4 c6 2. Nf3 d5 3. d3 dxe4 4. dxe4 Qxd1+ 5. Kxd1 Nf6 6. Bd3 Nbd7 7. Ke2 g6 8.
h3 Bg7 9. Be3 O-O 10. a4 Ne8 11. c3 Nd6 12. Nbd2 b6 13. Nc4 Nxc4 14. Bxc4 Bb7
15. Rhd1 Rfd8 16. a5 c5 17. axb6 Nxb6 18. Rxd8+ Rxd8 19. Rxa7 Bxe4 20. Bxf7+ Kf8
21. Ng5 Bd3+ 22. Kf3 Rd6 23. Bxc5 Rf6+ 24. Kg3 1-0

[Event "chess.com SpeedChess Q1Sw"]
[Site "chess.com INT"]
[Date "2022.11.10"]
[Round "1"]
[White "Namitbir, Singh Walia"]
[Black "Zhigalko, Sergei"]
[Result "0-1"]
[WhiteTitle "FM"]
[BlackTitle "GM"]
[WhiteElo "2339"]
[BlackElo "2572"]
[WhiteFideId "35071068"]
[BlackFideId "13502956"]
[EventDate "2022.11.10"]

1. d4 Nf6 2. Nf3 e6 3. g3 b5 4. Bg2 Bb7 5. O-O Be7 6. b3 b4 7. Bb2 O-O 8. c4
bxc3 9. Nxc3 d6 10. Rc1 Nbd7 11. Qc2 c5 12. dxc5 Nxc5 13. Rfd1 Rc8 14. Qb1 Qb6
15. e3 h6 16. h3 Rfd8 17. Nd4 Bxg2 18. Kxg2 Qb7+ 19. Nf3 a5 20. Ne2 Nfe4 21. Qa1
Ng5 22. Ng1 Nce4 23. h4 Nxf3 24. Nxf3 g5 25. Rxc8 Rxc8 26. Rc1 Re8 27. Bd4 Nd2 0-1

[Event "chess.com SpeedChess Q1Sw"]
[Site "chess.com INT"]
[Date "2022.11.10"]
[Round "1"]
[White "Vaibhav, Jayant Raut"]
[Black "Salem, A.R. Saleh"]
[Result "0-1"]
[WhiteTitle "CM"]
[BlackTitle "GM"]
[WhiteElo "2247"]
[BlackElo "2677"]
[WhiteFideId "5089034"]
[BlackFideId "9301348"]
[EventDate "2022.11.10"]

1. d4 Nf6 2. Bf4 g6 3. e3 Bg7 4. h3 O-O 5. Nd2 d6 6. c3 Nfd7 7. Ngf3 e5 8. Bh2
Nc6 9. Be2 f5 10. dxe5 dxe5 11. O-O Qe7 12. a4 g5 13. b4 Nd8 14. Qb3+ Nf7 15.
Rfd1 h5 16. h4 gxh4 17. Kh1 e4 18. Nd4 Ne5 19. Nc4 Ng4 20. Bxg4 hxg4 21. Nb5 Be6
22. Bf4 Ne5 23. Bxe5 Bxe5 24. Nd4 Bf7 25. Qa2 c5 26. Nb5 a6 27. Nba3 b5 28. axb5
axb5 0-1

[Event "chess.com SpeedChess Q1Sw"]
[Site "chess.com INT"]
[Date "2022.11.10"]
[Round "1"]
[White "Aaditya, Dhingra"]
[Black "Kopylov, Alexander A."]
[Result "0-1"]
[WhiteTitle "CM"]
[BlackTitle "IM"]
[WhiteElo "2172"]
[BlackElo "2397"]
[WhiteFideId "25678191"]
[BlackFideId "4164857"]
[EventDate "2022.11.10"]

1. e4 c6 2. Nf3 g6 3. Nc3 Bg7 4. d4 d5 5. h3 dxe4 6. Nxe4 Nf6 7. Bd3 O-O 8. O-O
Nxe4 9. Bxe4 Nd7 10. Re1 c5 11. dxc5 Nxc5 12. Bd5 Qc7 13. Qe2 e6 14. Bc4 b6 15.
Bg5 Bb7 16. Bh4 Bxb2 17. Rab1 Bg7 18. Bg3 Qe7 19. Be5 Rac8 20. Bxg7 Kxg7 21. Nd4
Qg5 22. f3 Rfd8 23. c3 Bd5 24. Bxd5 Rxd5 25. Rb5 Na4 26. Nxe6+ fxe6 27. Qxe6
Rxb5 28. Qd7+ Kh6 29. Kh1 Rb2 0-1

[Event "chess.com SpeedChess Q1Sw"]
[Site "chess.com INT"]
[Date "2022.11.10"]
[Round "1"]
[White "Predke, Alexandr"]
[Black "Borgaonkar, Akshay"]
[Result "1-0"]
[WhiteTitle "GM"]
[BlackTitle "CM"]
[WhiteElo "2684"]
[BlackElo "2135"]
[WhiteFideId "24107581"]
[BlackFideId "25639110"]
[EventDate "2022.11.10"]

1. Nf3 d5 2. g3 e6 3. Bg2 Nf6 4. O-O Be7 5. c4 O-O 6. b3 c6 7. Bb2 Nbd7 8. d3
Qc7 9. Nc3 b6 10. cxd5 exd5 11. e4 dxe4 12. dxe4 Bb7 13. Re1 Rad8 14. Qc2 Nc5
15. e5 Nd5 16. Nxd5 cxd5 17. Nd4 Ne6 18. Qxc7 Nxc7 19. Rac1 Bc5 20. b4 Bxd4 21.
Bxd4 Ne6 22. Bb2 Rc8 23. f4 g6 24. Kf2 h5 25. Bf1 Rfd8 26. Bg2 Ba6 27. Rxc8 Rxc8
28. Rc1 Rxc1 29. Bxc1 Bc4 30. a3 Kf8 31. Bb2 Ke8 32. Ke3 Kd7 33. h3 Ng7 34. g4
hxg4 35. hxg4 Ke6 36. Bh3 Ba2 37. Bd4 Bb1 38. a4 Bc2 39. a5 bxa5 40. bxa5 a6 41.
Bf1 Bd1 42. Bxa6 Bxg4 43. Bc8+ 1-0

[Event "chess.com SpeedChess Q1Sw"]
[Site "chess.com INT"]
[Date "2022.11.10"]
[Round "1"]
[White "Mamedov, Rauf"]
[Black "Boros, Denes"]
[Result "1-0"]
[WhiteTitle "GM"]
[BlackTitle "GM"]
[WhiteElo "2646"]
[BlackElo "2402"]
[WhiteFideId "13401653"]
[BlackFideId "722340"]
[EventDate "2022.11.10"]

1. e4 g6 2. d4 d5 3. exd5 Qxd5 4. Nc3 Qd8 5. Nf3 Bg7 6. Bc4 Nh6 7. Be3 Nf5 8.
Qd2 Nc6 9. O-O-O a6 10. Kb1 b5 11. Bb3 Na5 12. h4 Nxe3 13. fxe3 Bg4 14. Rdf1
Nxb3 15. axb3 c5 16. Qf2 Bxf3 17. Qxf3 O-O 18. dxc5 Rc8 19. Ne4 Qd7 20. b4 Qe6
21. h5 Qc4 22. Rh4 Qe6 23. c3 h6 24. hxg6 fxg6 25. Rf4 Kh8 26. g4 Qc4 27. Kc2 e5
28. Nd6 Qe6 29. Rf7 Ra8 30. Qb7 Qxg4 31. Rxg7 Qe2+ 32. Kb3 Qc4+ 33. Nxc4 bxc4+
34. Kxc4 Rf7 1-0

[Event "chess.com SpeedChess Q1Sw"]
[Site "chess.com INT"]
[Date "2022.11.10"]
[Round "1"]
[White "Fedoseev, Vladimir3"]
[Black "Harshavardhan, G B"]
[Result "1-0"]
[WhiteTitle "GM"]
[BlackTitle "IM"]
[WhiteElo "2688"]
[BlackElo "2426"]
[WhiteFideId "24130737"]
[BlackFideId "25059009"]
[EventDate "2022.11.10"]

1. d4 Nf6 2. c4 e6 3. Nf3 d5 4. Nc3 Nbd7 5. cxd5 exd5 6. Bg5 h6 7. Bh4 c6 8. Qc2
Be7 9. e3 O-O 10. Bd3 Re8 11. O-O Ne4 12. Bxe7 Qxe7 13. Bxe4 dxe4 14. Nd2 Nf6
15. Rae1 Bf5 16. f4 h5 17. Nc4 Nd5 18. a3 Rad8 19. b4 h4 20. h3 Qe6 21. Nd1 Qh6
22. Kh2 Re6 23. Ne5 Kh7 24. Nxf7 Qf6 25. Ng5+ Kg8 26. Nxe6 Qxe6 27. Nc3 Nf6 28.
Qf2 Qb3 29. Rc1 Qxa3 30. Qxh4 Qxb4 31. g4 Be6 32. Nxe4 Nxe4 33. Qxd8+ Kf7 34.
Rc2 Qb3 35. Rg2 Qxe3 36. Qc7+ Kg8 37. f5 Bc4 38. Qf4 Qxd4 39. Re1 Bd5 40. Rge2
a5 41. Rxe4 Bxe4 42. Rxe4 Qb2+ 43. Kg3 b5 44. g5 a4 45. Qb8+ Kf7 46. Qe8# 1-0

[Event "chess.com SpeedChess Q1Sw"]
[Site "chess.com INT"]
[Date "2022.11.10"]
[Round "1"]
[White "Durarbayli, Vasif"]
[Black "Sokac, Marko"]
[Result "1-0"]
[WhiteTitle "GM"]
[BlackTitle "FM"]
[WhiteElo "2612"]
[BlackElo "2265"]
[WhiteFideId "13402935"]
[BlackFideId "14531356"]
[EventDate "2022.11.10"]

1. e4 d6 2. d4 Nf6 3. Nc3 c6 4. Be3 Qa5 5. Qd2 e5 6. h3 Nbd7 7. Nf3 Be7 8. g4 h6
9. Bg2 b5 10. Nh4 g6 11. a3 Bb7 12. Rd1 O-O-O 13. O-O Nxg4 14. Nd5 Qxd2 15.
Nxe7+ Kb8 16. Bxd2 Ngf6 17. d5 cxd5 18. exd5 Nb6 19. Ba5 Rhe8 20. Nc6+ Bxc6 21.
dxc6 Kc7 22. Rfe1 d5 23. Nf3 Ne4 24. b3 Kxc6 25. Nxe5+ Rxe5 26. Bxe4 Rde8 27.
Bf3 1-0

[Event "chess.com SpeedChess Q1Sw"]
[Site "chess.com INT"]
[Date "2022.11.10"]
[Round "1"]
[White "Guseinov, Gadir"]
[Black "Jeet, Jain"]
[Result "1-0"]
[WhiteTitle "GM"]
[BlackTitle "FM"]
[WhiteElo "2661"]
[BlackElo "2139"]
[WhiteFideId "13401378"]
[BlackFideId "5073022"]
[EventDate "2022.11.10"]

1. e4 e5 2. Nf3 Nc6 3. Nc3 Nf6 4. a3 d5 5. Bb5 d4 6. Ne2 Bd6 7. Bxc6+ bxc6 8. d3
h6 9. Ng3 c5 10. O-O Rb8 11. Nd2 Be6 12. b3 O-O 13. a4 Nd7 14. h3 f5 15. exf5
Bxf5 16. Nxf5 Rxf5 17. Ne4 Rf8 18. Ba3 Qe7 19. Qd2 Nf6 20. Rae1 Nd5 21. Qa5 Nf4
22. f3 Rf5 23. Rf2 Rh5 24. Bxc5 Qh4 25. Kf1 Rf8 26. Qxa7 Nxg2 27. Rxg2 Rxf3+ 28.
Nf2 Rhf5 29. Re2 Bxc5 30. Qxc5 Qxh3 31. Qd5+ Kh7 32. Qe4 g6 33. Qg4 Rxf2+ 34.
Rxf2 Rxf2+ 35. Kxf2 Qe3+ 36. Kf1 Qc1+ 37. Ke2 Qxc2+ 38. Ke1 Qc1+ 39. Qd1 Qe3+
40. Re2 Qg3+ 41. Kd2 h5 42. Kc2 h4 43. Qe1 h3 44. Qxg3 1-0

[Event "chess.com SpeedChess Q1Sw"]
[Site "chess.com INT"]
[Date "2022.11.10"]
[Round "1"]
[White "Tsydypov, Zhamsaran"]
[Black "Bagrationi, Alexander"]
[Result "1-0"]
[WhiteTitle "GM"]
[BlackTitle "GM"]
[WhiteElo "2534"]
[BlackElo "2454"]
[WhiteFideId "4108566"]
[BlackFideId "14104954"]
[EventDate "2022.11.10"]

1. e4 e5 2. Nf3 Nf6 3. Nxe5 d6 4. Nf3 Nxe4 5. Nc3 Nxc3 6. dxc3 Be7 7. Be3 Nd7 8.
Qd2 Ne5 9. O-O-O Nxf3 10. gxf3 O-O 11. Rg1 Bf5 12. Kb1 Bg6 13. Bh3 Bf6 14. f4
Re8 15. Bg4 Be4 16. f5 Qd7 17. Bd4 Qe7 18. Bh3 Be5 19. f4 Bf6 20. Qf2 d5 21. Rg3
Kh8 22. a3 b6 23. Rdg1 Rg8 24. Rg5 h6 25. Rh5 Kh7 26. Qd2 c5 27. Bxf6 Qxf6 28.
Bg4 b5 29. Rg3 a5 30. Bf3 b4 31. a4 bxc3 32. Qxc3 Qxc3 33. bxc3 Rge8 34. f6 g6
35. Bxe4 dxe4 36. Rxh6+ Kg8 37. Rgh3 Reb8+ 38. Kc1 1-0

[Event "chess.com SpeedChess Q1Sw"]
[Site "chess.com INT"]
[Date "2022.11.10"]
[Round "1"]
[White "Guzman Moneo, Alberto"]
[Black "Stribuk, Artiom"]
[Result "1-0"]
[WhiteTitle "CM"]
[BlackTitle "FM"]
[WhiteElo "2146"]
[BlackElo "2312"]
[WhiteFideId "2209616"]
[BlackFideId "13515659"]
[EventDate "2022.11.10"]

1. e4 c5 2. Nc3 Nc6 3. Bb5 Nd4 4. Nf3 e6 5. O-O a6 6. Bd3 Nc6 7. Be2 Nd4 8. Bd3
Nc6 9. Be2 Nf6 10. d4 cxd4 11. Nxd4 d6 12. Be3 Be7 13. f4 Bd7 14. Qe1 O-O 15.
Qg3 Qc7 16. Kh1 Kh8 17. Bd3 b5 18. a3 Rab8 19. e5 dxe5 20. Nxc6 Bxc6 21. fxe5
Nd7 22. Bf4 g6 23. Ne4 Bxe4 24. Bxe4 Kg8 25. c3 Nc5 26. Bc2 Rbd8 27. h4 Rd7 28.
h5 Bd8 29. Bh6 Re8 30. hxg6 fxg6 31. Bxg6 Rg7 32. Bxg7 hxg6 33. Qxg6 Re7 34.
Rf8# 1-0

[Event "chess.com SpeedChess Q1Sw"]
[Site "chess.com INT"]
[Date "2022.11.10"]
[Round "1"]
[White "Goltseva, Ekaterina"]
[Black "Mitrabha, Guha"]
[Result "0-1"]
[WhiteTitle "FM"]
[BlackTitle "GM"]
[WhiteElo "2265"]
[BlackElo "2474"]
[WhiteFideId "24173770"]
[BlackFideId "5057000"]
[EventDate "2022.11.10"]

1. d4 Nf6 2. c4 e6 3. Nc3 Bb4 4. e3 O-O 5. Bd2 b6 6. Nf3 Bb7 7. Bd3 d6 8. O-O
Nbd7 9. Re1 c5 10. Nb5 Bxd2 11. Nxd2 Qe7 12. f3 Rfd8 13. Qe2 Nf8 14. Ne4 Nxe4
15. Bxe4 d5 16. cxd5 exd5 17. Bd3 a6 18. Nc3 c4 19. Bc2 b5 20. Qf2 Qf6 21. Rad1
Ne6 22. a3 Rab8 23. Rd2 Ba8 24. Red1 a5 25. e4 b4 26. axb4 axb4 27. Nxd5 Bxd5
28. exd5 Rxd5 29. Be4 Rd6 30. d5 Nf4 31. Rd4 c3 32. Qc2 g6 33. g3 b3 0-1

[Event "chess.com SpeedChess Q1Sw"]
[Site "chess.com INT"]
[Date "2022.11.10"]
[Round "1"]
[White "Gabrielian, Artur"]
[Black "Paravyan, David"]
[Result "0-1"]
[WhiteTitle "GM"]
[BlackTitle "GM"]
[WhiteElo "2460"]
[BlackElo "2586"]
[WhiteFideId "4131002"]
[BlackFideId "4194985"]
[EventDate "2022.11.10"]

1. e4 e5 2. Nf3 Nf6 3. Nxe5 d6 4. Nf3 Nxe4 5. d4 d5 6. Bd3 Bd6 7. O-O O-O 8. c4
c6 9. Re1 Re8 10. Qc2 Na6 11. a3 Bg4 12. Ne5 Bxe5 13. dxe5 Nac5 14. Bf1 Bf5 15.
b4 Ne6 16. Qb2 Qh4 17. Be3 Rad8 18. Nd2 d4 19. Nf3 Qg4 20. h3 Qg6 21. Nxd4 Nxd4
22. Bxd4 Ng5 23. Kh2 Bxh3 24. Re3 Bf5 25. Rae1 b6 26. Rg3 Qh5+ 27. Kg1 Ne6 28.
Be3 Rd1 29. Rxd1 Qxd1 30. Qe2 Rd8 31. Qxd1 Rxd1 32. f3 Bd3 0-1

[Event "chess.com SpeedChess Q1Sw"]
[Site "chess.com INT"]
[Date "2022.11.10"]
[Round "1"]
[White "Koziorowicz, Michal"]
[Black "Lazavik, Denis"]
[Result "0-1"]
[WhiteTitle "FM"]
[BlackTitle "IM"]
[WhiteElo "2296"]
[BlackElo "2529"]
[WhiteFideId "21809194"]
[BlackFideId "13515110"]
[EventDate "2022.11.10"]

1. e4 c5 2. Nf3 e6 3. g3 d5 4. exd5 exd5 5. d4 Nc6 6. Bg2 cxd4 7. O-O Bc5 8.
Nbd2 Nge7 9. Nb3 Bb6 10. Nfxd4 O-O 11. c3 Ng6 12. h4 h6 13. Be3 Nge5 14. Qh5 Qf6
15. Qe2 Bg4 16. f3 Bd7 17. Rad1 Rfe8 18. Qf2 Nc4 19. Bc1 a5 20. Kh2 a4 21. Na1
Nxd4 22. cxd4 Rac8 23. b3 Nd6 24. Nc2 Nf5 25. Bh3 Qc6 26. Bxf5 Bxf5 27. Ne3 Bg6
28. Ng4 axb3 29. axb3 Qb5 30. Rde1 Qxb3 31. Rxe8+ Rxe8 32. Kh1 h5 33. Nh2 Qd3
34. Qb2 Bxd4 35. Qxb7 Re2 36. Qc8+ Kh7 37. Qh3 Bf5 38. g4 hxg4 39. Nxg4 Rc2 40.
Bf4 Bxg4 0-1

[Event "chess.com SpeedChess Q1Sw"]
[Site "chess.com INT"]
[Date "2022.11.10"]
[Round "1"]
[White "Riehle, Marco"]
[Black "Sreyas, Payyappat"]
[Result "1-0"]
[WhiteTitle "FM"]
[BlackTitle "FM"]
[WhiteElo "2355"]
[BlackElo "2145"]
[WhiteFideId "12904392"]
[BlackFideId "46674969"]
[EventDate "2022.11.10"]

1. e4 c6 2. c4 d5 3. cxd5 cxd5 4. exd5 Nf6 5. Nc3 Nxd5 6. Nf3 Nc6 7. Bb5 g6 8.
Qa4 Qd6 9. Qd4 Nf6 10. Qxd6 exd6 11. d4 Bd7 12. O-O h6 13. Re1+ Be7 14. Bf4 Kf8
15. Re2 a6 16. Bxc6 Bxc6 17. Rae1 Bxf3 18. gxf3 g5 19. Bg3 Bd8 20. Bxd6+ Kg7 21.
Be5 Kg6 22. Ne4 Nxe4 23. Bxh8 Nd6 24. Be5 Nf5 25. d5 Ba5 26. Bc3 Bb6 27. Rd1 Rd8
28. Rd3 h5 29. a4 Nd6 30. b3 a5 31. Re7 Bc5 32. Rc7 Ba3 33. Bxa5 Re8 34. Kf1 Nf5
35. Rxb7 Bd6 36. Rb6 f6 37. Bc3 Bxh2 38. Rxf6+ Kh7 39. Rxf5 Bf4 40. Rxf4 Kg6 41.
d6 gxf4 42. d7 Rd8 43. Ba5 Rxd7 44. Rxd7 1-0

[Event "chess.com SpeedChess Q1Sw"]
[Site "chess.com INT"]
[Date "2022.11.10"]
[Round "1"]
[White "Fathy, Elameir"]
[Black "Krzyzanowski, Marcin"]
[Result "0-1"]
[WhiteTitle "FM"]
[BlackTitle "GM"]
[WhiteElo "2300"]
[BlackElo "2538"]
[WhiteFideId "10600396"]
[BlackFideId "1132199"]
[EventDate "2022.11.10"]

1. d4 Nf6 2. c4 e6 3. Nf3 c5 4. d5 b5 5. dxe6 fxe6 6. cxb5 d5 7. Nc3 Bd6 8. e4
d4 9. e5 dxc3 10. exd6 cxb2 11. Bxb2 O-O 12. Bc4 Ne4 13. Qe2 Nxd6 14. Bxe6+ Bxe6
15. Qxe6+ Kh8 16. O-O Nxb5 17. Rad1 Qe8 18. Qd5 Na6 19. Rfe1 Qf7 20. Qc6 Qxa2
21. Rd2 Qa5 22. Qh6 Nd4 23. Bxd4 cxd4 24. Qh4 Rae8 25. Red1 Nc5 26. Ng5 h6 27.
h3 Nb3 28. Rb2 Re1+ 29. Rxe1 Qxe1+ 30. Kh2 Qe5+ 31. Qg3 Qxg3+ 32. fxg3 hxg5 33.
Rxb3 Rd8 0-1

[Event "chess.com SpeedChess Q1Sw"]
[Site "chess.com INT"]
[Date "2022.11.10"]
[Round "1"]
[White "Klekowski, Maciej"]
[Black "Duda, Jan-Krzysztof"]
[Result "0-1"]
[WhiteTitle "GM"]
[BlackTitle "GM"]
[WhiteElo "2466"]
[BlackElo "2731"]
[WhiteFideId "1132717"]
[BlackFideId "1170546"]
[EventDate "2022.11.10"]

1. c4 Nf6 2. Nc3 d5 3. cxd5 Nxd5 4. g3 c5 5. Bg2 Nc7 6. d3 e5 7. Nf3 Nc6 8. Nd2
Bd7 9. a4 Be7 10. O-O O-O 11. Nc4 f6 12. a5 Kh8 13. f4 exf4 14. Bxf4 Ne6 15. Bd6
Bxd6 16. Nxd6 Rb8 17. a6 b6 18. e3 Ng5 19. h4 Nf7 20. Ndb5 Re8 21. Qd2 Qe7 22.
Rae1 Qe5 23. Qf2 Nb4 24. d4 Qh5 25. Nxa7 Nxa6 26. Rd1 Nh6 27. dxc5 Ng4 28. Qf4
Nxc5 29. Rd5 Ne5 30. Rfd1 Bg4 31. R1d4 Be6 32. Rd6 Bf7 33. Nc6 Nxc6 34. Bxc6 Ne6
35. Qf2 Nxd4 36. Bxe8 Nf3+ 37. Kg2 Nxh4+ 38. gxh4 Rxe8 39. e4 b5 40. Rd4 h6 41.
Qg3 Bc4 0-1

[Event "chess.com SpeedChess Q1Sw"]
[Site "chess.com INT"]
[Date "2022.11.10"]
[Round "1"]
[White "Kostiukov, Alexandr"]
[Black "Harsha, Bharathakoti"]
[Result "0-1"]
[BlackTitle "GM"]
[WhiteElo "2271"]
[BlackElo "2582"]
[WhiteFideId "14108100"]
[BlackFideId "5078776"]
[EventDate "2022.11.10"]

1. g3 d5 2. Bg2 Nf6 3. d3 c5 4. e4 Nc6 5. exd5 Nxd5 6. Ne2 g6 7. Nbc3 Nc7 8. O-O
Bg7 9. Be3 Nd4 10. Qd2 O-O 11. Ne4 Nce6 12. c3 Nf5 13. Bxc5 Nxc5 14. Nxc5 Qc7
15. d4 e5 16. b4 Rd8 17. d5 Nd6 18. Qd3 f5 19. Rad1 e4 20. Qc2 b6 21. Ne6 Bxe6
22. dxe6 Nc4 23. Qb3 b5 24. Nf4 Be5 25. Rxd8+ Rxd8 26. Rd1 Bxf4 27. gxf4 Kg7 28.
Bf1 Nd2 29. Qc2 Nf3+ 30. Kg2 Qxf4 31. Bxb5 Qg4+ 32. Kf1 Nxh2+ 33. Ke1 Nf3+ 34.
Kf1 Kf6 35. Bd7 Nh2+ 36. Ke1 Nf3+ 37. Kf1 Ne5 38. c4 Qh3+ 39. Ke1 Qh1+ 40. Ke2
Qf3+ 41. Kf1 Nd3 42. Qc3+ Kg5 43. Qd4 Qxd1+ 44. Kg2 Ne1+ 0-1

[Event "chess.com SpeedChess Q1Sw"]
[Site "chess.com INT"]
[Date "2022.11.10"]
[Round "1"]
[White "Sevian, Samuel"]
[Black "De Silva, L M S T"]
[Result "1/2-1/2"]
[WhiteTitle "GM"]
[BlackTitle "IM"]
[WhiteElo "2687"]
[BlackElo "2521"]
[WhiteFideId "2040506"]
[BlackFideId "9953698"]
[EventDate "2022.11.10"]

1. e4 e5 2. Nf3 Nc6 3. Bc4 Nf6 4. d3 h6 5. Nc3 d6 6. d4 Bg4 7. d5 Nd4 8. Be3
Nxf3+ 9. gxf3 Bh3 10. f4 exf4 11. Bxf4 g5 12. Be3 Bg7 13. Rg1 O-O 14. Rg3 g4 15.
Qd2 Nh5 16. Bxh6 Nxg3 17. fxg3 f5 18. Bxg7 Kxg7 19. O-O-O Qf6 20. Kb1 Rae8 21.
Bd3 f4 22. Ne2 f3 23. Nf4 Qh6 24. Rg1 Rxf4 25. gxf4 Rf8 26. Qf2 Qxf4 27. Rg3 Rh8
28. a3 Bg2 29. Rxg2 fxg2 30. Qxf4 g1=Q+ 31. Ka2 Qxh2 32. Qxg4+ Kf7 33. Qd7+ Kf6
34. Qxc7 Qe5 35. Qxb7 Rh1 36. Qxa7 Rd1 37. Qf2+ Ke7 38. Qe2 Rg1 39. Qd2 Rg8 40.
Qb4 Rg1 41. a4 Rd1 42. a5 Rg1 43. a6 Rg8 44. a7 Qh8 45. e5 Qxe5 46. Qb7+ Kf6 47.
a8=Q Rxa8+ 48. Qxa8 Kg7 49. Qc6 Qf6 50. Qd7+ Qf7 51. Qxf7+ Kh8 52. Kb3 1/2-1/2